Die 50 ältesten Städte Österreichs - Statistiken

Allgemein
  • Dieses Quiz wurde 264 mal gespielt
  • Das Durchschnittsergebnis liegt bei 17 aus 50
Antwortstatistiken
Datum City % Korrekt
1221 Wien
98%
1265 Graz
88%
1287 Salzburg
88%
1239 Innsbruck
87%
1240 Linz
83%
1252 Klagenfurt
76%
1240 Villach
68%
1222 Wels
66%
1159 St. Pölten
61%
1287 Steyr
57%
1303 Hall in Tirol
53%
1280 Leoben
52%
1218 Feldkirch
50%
1277 Wiener Neustadt
48%
1212 Enns
46%
1230 Hallein
43%
1298 Klosterneuburg
40%
1240 Lienz
38%
1239 Bruck an der Leitha
37%
1277 Bruck an der Mur
37%
1260 Braunau am Inn
35%
1278 Gmunden
30%
1298 Korneuburg
28%
1271 Kitzbühel
26%
1270 Tulln an der Donau
25%
1200 Zwettl
25%
1224 Judenburg
24%
1241 Freistadt
23%
1286 Hartberg
22%
1232 Fürstenfeld
18%
1224 St. Veit an der Glan
18%
1230 Waidhofen an der Thaya
18%
1273 Waidhofen an der Ybbs
18%
1302 Knittelfeld
15%
1252 Völkermarkt
15%
1299 Murau
13%
1289 Radstadt
13%
1230 Laa an der Thaya
12%
1222 Eferding
11%
1244 Hainburg an der Donau
11%
1215 Friesach
9%
1224 Voitsberg
8%
1299 Bad Radkersburg
7%
1279 Rottenmann
5%
1289 St. Andrä
5%
1277 Eggenberg
2%
1268 Marchegg
2%
1276 Mautern an der Donau
2%
1252 Friedberg
1%
1281 Zistersdorf
1%
Keine übereinstimmenden Quizze gefunden
Verteilung der Resultate
Anzahl Personen mit jedem Resultat
Perzentil nach korrekt beantworteten Fragen
Ihre Resultats-Entwicklung
Sie haben dieses Quiz noch nicht gespielt